000 00394nam a2200133Ia 4500
008 151001s9999||||xx |||||||||||||| ||und||
100 _aपुरुषोत्तम सत्यप्रेमी
245 _aदलित साहित्य:रचना और विचार
250 _a1
260 _bआतिश
260 _c2001
300 _a96
365 _b21
999 _c977909
_d977906